LEADER 03223 am 2200709 n 450 001 9910214939403321 005 20170123 010 $a2-84133-809-6 024 7 $a10.4000/books.puc.10142 035 $a(CKB)3710000001633301 035 $a(FrMaCLE)OB-puc-10142 035 $a(oapen)https://directory.doabooks.org/handle/20.500.12854/48057 035 $a(PPN)202673596 035 $a(EXLCZ)993710000001633301 100 $a20170515j|||||||| ||| 0 101 0 $afre 135 $auu||||||m|||| 181 $ctxt$2rdacontent 182 $cc$2rdamedia 183 $acr$2rdacarrier 200 10$aFrédéric II (1194-1250) et l'héritage normand de Sicile /$fAnne-Marie Flambard Héricher 210 $aCaen $cPresses universitaires de Caen$d2017 215 $a1 online resource (240 p.) 311 $a2-84133-110-5 330 $aRécusé en 1200 par le pape Innocent III pour la succession à l?Empire, Frédéric II de Hohenstaufen sera couronné et sacré empereur en 1220 par Honorius III. Stupor Mundi pour nombre de ses contemporains, il n?a cessé d?être un sujet d?attentions et de controverses qui se sont cristallisées en une série de mythes opposés. L?image du roi et empereur souabe ? politicien, législateur, mécène, naturaliste et homme de lettres ? s?est développée sur un fond de visions épiques et merveilleuses liées aux splendeurs de la cour sicilienne et à la majesté des châteaux. Son ?uvre politique n?est pas moins controversée : il est le pourfendeur des hérétiques et l?adversaire de la papauté. Le colloque réuni en septembre 1997 au château de Cerisy-la-Salle visait à mettre en lumière, dans les domaines juridique, religieux, économique, scientifique et artistique, les attaches privilégiées de Frédéric II avec l?héritage normand de sa mère Constance, fille de Roger II roi de Sicile et descendante de Tancrède de Hauteville. 517 $aFrédéric II 517 $aFrédéric II 606 $aReligion 606 $aHistory 606 $aFrédéric II de Hohenstaufen 606 $aNormandie 606 $achristianisme 606 $aXIIIe siècle 606 $aMoyen Âge 610 $aXIIIème siècle 610 $aFrédéric II de Hohenstaufen 610 $aNormandie 610 $aMoyen-âge 610 $aChristianisme 615 4$aReligion 615 4$aHistory 615 4$aFrédéric II de Hohenstaufen 615 4$aNormandie 615 4$achristianisme 615 4$aXIIIe siècle 615 4$aMoyen Âge 700 $aBaylé$b Maylis$01288538 701 $aBeck$b Patrice$0166109 701 $aBresc$b Henri$0139639 701 $aCuozzo$b Errico$010237 701 $aFlambard Héricher$b Anne-Marie$01293573 701 $aFodale$b Salvatore$0109992 701 $aKamp ?$b Norbert$0157413 701 $aMarietti$b Marina$0156970 701 $aMartin$b Jean-Marie$0343860 701 $aTravaini$b Lucia$0254624 701 $aFlambard Héricher$b Anne-Marie$0447498 801 0$bFR-FrMaCLE 906 $aBOOK 912 $a9910214939403321 996 $aFrédéric II (1194-1250) et l'héritage normand de Sicile$93037956 997 $aUNINA LEADER 02401nam 2200565 450 001 9910813063803321 005 20230725062718.0 010 $a1-893757-90-0 035 $a(CKB)3710000000615072 035 $a(EBL)4625689 035 $a(SSID)ssj0001635617 035 $a(PQKBManifestationID)16389322 035 $a(PQKBTitleCode)TC0001635617 035 $a(PQKBWorkID)12385553 035 $a(PQKB)10085697 035 $a(MiAaPQ)EBC4625689 035 $a(Au-PeEL)EBL4625689 035 $a(CaPaEBR)ebr11244669 035 $a(OCoLC)956648464 035 $a(EXLCZ)993710000000615072 100 $a20160901h20112011 uy 0 101 0 $aeng 135 $aur|n|---||||| 181 $ctxt 182 $cc 183 $acr 200 10$aGod and the mystery of human suffering $etheological conversation across the ages /$fRobin Ryan ; cover design by Lynn Else 210 1$aNew York ;$aMahwah, New Jersey :$cPaulist Press,$d2011. 210 4$d©2011 215 $a1 online resource (232 p.) 300 $aDescription based upon print version of record. 311 $a0-8091-4713-0 327 $aTitle Page; Copyright Page; Contents; Introduction: Facing the Mystery; Chapter 1: The Hebrew Scriptures: Suffering and the God of the Covenant; Chapter 2: New Testament Perspectives on Suffering; Chapter 3: Early Christian Sources; Chapter 4: Thomas Aquinas: God Acting to Dispel Misery; Chapter 5: Julian of Norwich: All Shall Be Well; Chapter 6: Two Voices from the Shoah; Chapter 7: Ju?rgen Moltmann: Theology from the Pit; Chapter 8: Edward Schillebeeckx: Holding on to the Hand of God; Chapter 9: Gustavo Gutie?rrez: The Suffering of the Poor 327 $aChapter 10: Elizabeth Johnson: Suffering and Hope from a Feminist PerspectiveChapter 11: Toward a Theology of God and Suffering; Notes 606 $aSuffering$xReligious aspects$xChristianity 606 $aTheology, Doctrinal$xHistory 606 $aSuffering$xBible teaching 615 0$aSuffering$xReligious aspects$xChristianity. 615 0$aTheology, Doctrinal$xHistory. 615 0$aSuffering$xBible teaching. 676 $a231/.8 700 $aRyan$b Robin$01669226 702 $aElse$b Lynn 801 0$bMiAaPQ 801 1$bMiAaPQ 801 2$bMiAaPQ 906 $aBOOK 912 $a9910813063803321 996 $aGod and the mystery of human suffering$94030361 997 $aUNINA